| 000 | 00917cam a2200313 4500 | ||
|---|---|---|---|
| 001 | M2016 | ||
| 008 | 090401t1996 xxu||||| |||| 00| 0 eng d | ||
| 035 | _a(Sirsi) u36061 | ||
| 041 | _aeng | ||
| 050 | _a333.33 | ||
| 090 | _aRICS 1996/1ABCD | ||
| 110 |
_aRoyal Institution of Chartered Surveyors _94900 |
||
| 245 | 4 | _aThe RICS market surveys digest 1995. | |
| 260 |
_aLondon _bRICS _c1996 |
||
| 300 | _a(12)p. ; 30cm. | ||
| 350 | _a0 | ||
| 650 | _aPROPERTY-COMMERCIAL PROPERTY-COMMERCIAL PROPERTY MARKET | ||
| 650 | _aCONSTRUCTION INDUSTRY | ||
| 650 | _aRESIDENTIAL MARKET | ||
| 650 | _aRICS COMMERCIAL PROPERTY SURVEY | ||
| 650 | _aRICS FARMLAND PRICE INDEX AND SURVEY | ||
| 650 | _aRICS HOUSING MARKET SURVEY ENGLAND AND WALES | ||
| 650 | _aRICS MARKET SURVEYS | ||
| 650 | _aRURAL MARKET | ||
| 650 | _aWORKLOAD SURVEY | ||
| 690 | _aECONOMIC AND SOCIAL | ||
| 942 | _n0 | ||
| 948 | _c04/03/1997 | ||
| 999 |
_c90179 _d90179 |
||